| Tag |
First Indicator |
Second Indicator |
Subfields |
| LEADER |
00000cam a2200000Ma 4500 |
| 001 |
in00004644875 |
| 006 |
m o d |
| 007 |
cr |n||||||||| |
| 008 |
970225s1997 nyua ob 001 0 eng d |
| 005 |
20230129214500.3 |
| 035 |
|
|
|a (OCoLC)ocn907361749
|
| 040 |
|
|
|a COO
|b eng
|c COO
|d OCLCO
|d OCLCF
|d OCLCQ
|d UIU
|d WYU
|d OCLCQ
|d OCLCO
|
| 019 |
|
|
|a 1066464006
|
| 020 |
|
|
|a 0784402302
|
| 020 |
|
|
|a 9780784402306
|
| 035 |
|
|
|a (OCoLC)907361749
|z (OCoLC)1066464006
|
| 050 |
1 |
4 |
|a TA684
|b .E288 1997
|
| 049 |
|
|
|a TXAM
|
| 245 |
0 |
0 |
|a Effective length and notional load approaches for assessing frame stability :
|b implications for American steel design /
|c by the Task Committee on Effective Length of the Technical Committee on Load and Resistance Factor Design of the Technical Division of the Structural Engineering Institute of the American Society of Civil Engineers.
|
| 260 |
|
|
|a New York :
|b The Society,
|c ©1997.
|
| 300 |
|
|
|a 1 online resource
|
| 336 |
|
|
|a text
|b txt
|2 rdacontent
|
| 337 |
|
|
|a computer
|b c
|2 rdamedia
|
| 338 |
|
|
|a online resource
|b cr
|2 rdacarrier
|
| 504 |
|
|
|a Includes bibliographical references and index.
|
| 650 |
|
0 |
|a Building, Iron and steel.
|
| 650 |
|
0 |
|a Structural frames
|x Design and construction.
|
| 650 |
|
0 |
|a Structural stability.
|
| 650 |
|
0 |
|a Load factor design.
|
| 650 |
|
0 |
|a Steel, Structural.
|
| 650 |
|
6 |
|a Construction métallique.
|
| 650 |
|
6 |
|a Constructions
|x Stabilité.
|
| 650 |
|
6 |
|a Facteur de charge.
|
| 650 |
|
6 |
|a Acier de construction.
|
| 650 |
|
7 |
|a structural stability.
|2 aat
|
| 650 |
|
7 |
|a structural steel.
|2 aat
|
| 650 |
|
7 |
|a Building, Iron and steel.
|2 fast
|0 (OCoLC)fst00840918
|
| 650 |
|
7 |
|a Load factor design.
|2 fast
|0 (OCoLC)fst01001003
|
| 650 |
|
7 |
|a Steel, Structural.
|2 fast
|0 (OCoLC)fst01132810
|
| 650 |
|
7 |
|a Structural frames
|x Design and construction.
|2 fast
|0 (OCoLC)fst01135690
|
| 650 |
|
7 |
|a Structural stability.
|2 fast
|0 (OCoLC)fst01135711
|
| 655 |
|
7 |
|a Electronic books.
|2 local
|
| 710 |
2 |
|
|a Structural Engineering Institute.
|b Technical Committee on Load and Resistance Factor Design.
|b Task Committee on Effective Length.
|
| 730 |
0 |
|
|a ASCE Library.
|
| 856 |
4 |
0 |
|u http://proxy.library.tamu.edu/login?url=https://ascelibrary.org/doi/book/10.1061/9780784402306
|z Connect to the full text of this electronic book
|t 0
|
| 955 |
|
|
|a ASCE ebooks
|
| 994 |
|
|
|a 92
|b TXA
|
| 999 |
f |
f |
|s 6ef7ee3a-baea-49e1-b153-145819841ac6
|i 80554c71-26fd-41ef-8f1f-889c42225635
|t 0
|
| 952 |
f |
f |
|a Texas A&M University
|b College Station
|c Electronic Resources
|d Available Online
|t 0
|e TA684 .E288 1997
|h Library of Congress classification
|
| 998 |
f |
f |
|a TA684 .E288 1997
|t 0
|l Available Online
|